| 000 | 00580nam a2200169 a 4500 | ||
|---|---|---|---|
| 001 | 000026720 | ||
| 005 | 20200930030355.0 | ||
| 008 | 110324s2008 dr 000 0 spa d | ||
| 040 |
_aDO-SdBNP _bspa _cBNPHU |
||
| 082 |
_axxxx _bxxxx |
||
| 100 | 1 |
_aCastaños Guzmán, Julio Miguel _953825 |
|
| 245 | 1 | 0 |
_aNotas introductorias al derecho bancario dominicano / _cJulio Miguel Castaños Guzmán. |
| 260 |
_aSanto Domingo : _bFundación Institucional y Justicia (FINJUS), _c2008. |
||
| 300 |
_a107 p. ; _c23 cm. |
||
| 504 | _aBibliografía p: 105-107 | ||
| 590 | _aInventariado, 2018/ YL | ||
| 999 |
_c26212 _d26212 |
||